| 000 | 00772nam a22001935i 4500 | ||
|---|---|---|---|
| 001 | 154175 | ||
| 003 | ES-MaACL | ||
| 005 | 20230906205543.0 | ||
| 008 | 050718s1882 fr | |||||||| ||fre d | ||
| 040 |
_aCAM _bspa _cCAM |
||
| 110 | 2 |
_aFrancia. _bMinistère de l'Instruction Publique et des Cultes. _9134395 |
|
| 245 | 1 | 0 |
_aRépertoire des travaux historiques _b: contenant l'analyse des publications faites en France et à l'étranger sur l'histoire, les monuments et la langue de la France. |
| 260 |
_aParis : _bImprimerie Nationale, _c1882. |
||
| 300 |
_aVIII, III, III, III, IV, IV, 1286 p. ; _c24 cm. |
||
| 651 | 4 |
_aFrancia- _xHistoria- _vPublicaciones. _9222184 |
|
| 752 |
_aFrancia - _dParís |
||
| 852 |
_aES-MaACL _jB-4400 _z-- Enc. hol. |
||
| 999 |
_c154175 _d154175 |
||